书目信息 |
| 题名: |
神舟
|
|
| 作者: | 海波 著 | |
| 分册: | ||
| 出版信息: | 沈阳 万卷出版公司 2007.08 |
|
| 页数: | 612页 | |
| 开本: | 25cm | |
| 丛书名: | ||
| 单 册: | ||
| 中图分类: | I247.54 | |
| 科图分类: | ||
| 主题词: | 长篇小说--chang pian xiao shuo--中国--现代 | |
| 电子资源: | ||
| ISBN: | 978-7-80601-950-4 | |
| 000 | 00803nam0 2200241 450 | |
| 001 | 012008350713 | |
| 005 | 20080419100647.85 | |
| 010 | @a978-7-80601-950-4@dCNY38.00 | |
| 100 | @a20080419d2007 em y0chiy0120 ea | |
| 101 | 0 | @achi |
| 102 | @aCN@b210000 | |
| 105 | @ac z 000ay | |
| 106 | @ar | |
| 200 | 1 | @a神舟@Ashen zhou@f海波著@Fhai bo zhu |
| 210 | @a沈阳@c万卷出版公司@d2007.08 | |
| 215 | @a612页@c肖像@d25cm | |
| 300 | @a尊严三部天卷 | |
| 330 | @a本书介绍了80年代末,随着编制整顿,已在中国秘密存在了20多年、唯一一家从事航天医学研究的机构大幅压缩。与此同时,在国家高科技发展战略中,载人航天一直未被放弃。 | |
| 606 | 0 | @a长篇小说@Achang pian xiao shuo@y中国@z现代 |
| 690 | @aI247.54@v4 | |
| 701 | 0 | @a海波@Ahai bo@4著 |
| 801 | 0 | @aCN@bQSSK@c20080419 |
| 905 | @b293960-62@dI247.54@eH027@f3 | |
| 神舟/海波著.-沈阳:万卷出版公司,2007.08 |
| 612页:肖像;25cm |
| 尊严三部天卷 |
| ISBN 978-7-80601-950-4:CNY38.00 |
| 本书介绍了80年代末,随着编制整顿,已在中国秘密存在了20多年、唯一一家从事航天医学研究的机构大幅压缩。与此同时,在国家高科技发展战略中,载人航天一直未被放弃。 |
| ● |
| 相关链接 |
|
|
|
正题名:神舟
索取号:I247.54/H027
 
预约/预借
| 序号 | 登录号 | 条形码 | 馆藏地/架位号 | 状态 | 备注 |
| 1 | 293960 | 202939605 | 文学库108/108文学库 45排4列4层/ [索取号:I247.54/H027] | 在馆 | |
| 2 | 293961 | 202939614 | 文学库108/108文学库 45排3列4层/ [索取号:I247.54/H027] | 在馆 | |
| 3 | 293962 | 202939623 | 社科二线400B/400B社科库 19排2列3层/ [索取号:I247.54/H027] | 在馆 |